| 000 | 00932nam a22002777i 4500 | ||
|---|---|---|---|
| 003 | EG-ScBUE | ||
| 005 | 20220920102305.0 | ||
| 008 | 200219s2003 enk f 000 0 eng d | ||
| 020 | _a9781405017466 | ||
| 020 | _a1405017465 | ||
| 040 |
_aEG-ScBUE _beng _erda _cEG-ScBUE _dEG-ScBUE |
||
| 082 | 0 | 4 |
_222 _a420 _bMAN |
| 100 | 1 |
_aMann, Malcolm, _eauthor. _935194 |
|
| 245 | 1 | 0 |
_aSkills for first certificate : _breading, _pTeacher's book / _cMalcolm Mann, Steve Taylore-Knowles. |
| 246 | 3 | 0 | _aTeacher's book |
| 264 | 1 |
_aOxford : _bMacmillan Education, _c2003. |
|
| 300 |
_a31 pages ; _c30 cm |
||
| 336 |
_atext _2rdacontent _btxt |
||
| 337 |
_aunmediated _2rdamedia _bn |
||
| 338 |
_avolume _2rdacarrier _bnc |
||
| 650 | 7 |
_aEnglish language _xComposition and exercises _xStudy and teaching. _2BUEsh |
|
| 653 |
_bHHUUEENN _cSeptember2022 |
||
| 655 |
_vReading book _934232 |
||
| 700 | 1 |
_aTaylore-Knowles, Steve, _eauthor. |
|
| 942 |
_2ddc _cTR |
||
| 999 |
_c29932 _d29903 |
||